Statistiques concernant feat plk

Cliquez ici pour prendre le quiz!

Statistiques générales

  • Ce quiz a été pris 153 fois
  • Le résultat moyen est 9 sur 25

Statistiques - réponses

HintRéponse% Correct
mister vjamais
89%
sdmjack fuego
73%
soso manesspetrouchka
73%
letotrain de vie
57%
sdmle bruit des applaudissements
54%
13 blockaminata
51%
koba ladomar
50%
zkrtu vois comment ?
45%
rim'kcosmos
40%
lefa230
38%
nirofils 2
38%
Matougrosses sommes
28%
yaro,ninhomec de cites
27%
timalpromis
26%
tiitofbordel
22%
aladin 135all day
21%
black mno no no
20%
tsew the kidsorry
20%
korepas bien
19%
caballeroarriba
18%
rkcomme a l'ancienne
17%
phénomène biznesstous les jours
17%
dinorxbarv
16%
captain roshideja fait
15%
enimabnb
14%

Distribution des résultats

Percentile par nombre de réponses

% des personnes avec chaque résultat

Votre développement - résultats

Vous n’avez pas pris ce quiz